MDQL
is popping MORE tags! Check the
thread
!
Quizzes
Events
Quiz Creation
Community
Videos
Private Events
Remove Ads
Sign In
Join for FREE
Feedback
Dark Mode
Quiz Categories
Sports
Geography
Music
Movies
Television
Just For Fun
Miscellaneous
History
Literature
Language
Science
Gaming
Entertainment
Religion
Holiday
For Kids
Quiz Lab
Recent
Popular Today
Quiz Kudos Today
Editor Picks
Curator Picks
Quizzes by...
Day
Popularity
Type
Ratings
Length
Year
Community
Subscriptions
Recent Discussions
Orange Saloon
Badges
Playlists
Quests
Create
Leaderboards
Showdown
Live 5
Trivia Bingo
Activity
Puzzle Library
Sporcle Events
Private Events
Virtual Trivia
Globe League
Become a Host
Pub Owners
SporcleCon
Opinionation
Our Games
Videos
Blog
Mobile Apps
Partnerships
Remove Ads and Go Orange
Feedback
Music
Pop Music
The Beatles
Song
Album
Lyrics
Bands
Singers
Artist
Clip
Rock
Rap
Classical
Billboard
Country Music
Kpop
Taylor Swift
Music
Pop Music
The Beatles
Song
Album
Lyrics
Bands
Singers
Artist
Clip
Rock
Rap
Classical
Billboard
Country Music
Kpop
Taylor Swift
Random Quiz
Search Sporcle
×
Quiz Lab
Quiz Lab
Music
Song
Type in answers that appear in a list
Type in answers that appear in a list
Classic
Best Score? Go Orange.
Pretty Lights Songs Stats
Can you name the Pretty Lights songs?
By
gunduz
10m
54 Questions
36 Plays
36 Plays
36 Plays
Comments
Comments
Give Quiz Kudos
Give Quiz Kudos
-
- Ratings
hide this ad
Replay
Link that replays current quiz
Next Quiz
Link to next quiz in quiz playlist
You Got
0%
They Got
Avg Score
42%
Avg Friend Score
Upgrade to see
Score Distribution
Jump to the score distribution portion of the page
Score
0/54
Timer
10:00
0
Plays Today
% Correct
Finally Moving
88.9%
Hot Like Sauce
80.6%
More Important Than Michael Jordan
63.9%
Sunday School
63.9%
The Time Has Come
61.1%
Electro Cali
58.3%
Samso
55.6%
Cold Feeling
52.8%
Finally Moving Remix
52.8%
Down The Line
52.8%
Up & Down I Go
50%
Wrong Platform
50%
Solamente
47.2%
How We Do
47.2%
If I Could Feel Again
47.2%
Keep 'Em Bouncin
47.2%
Who Loves Me
44.4%
Aimin' At Your Head
44.4%
Short Cut / Detour
44.4%
Ask Your Friends
44.4%
Something's Wrong
41.7%
Summer's Gone
41.7%
Happiness (Troubled Faces)
41.7%
Almost Familiar
41.7%
Try To Remember
41.7%
City of One
41.7%
Change Is Gonna Come
38.9%
% Correct
My Other Love
38.9%
Switch Up
38.9%
World of Illusion
38.9%
Fly Away Another Day
38.9%
Let 'Em Know It's Time To Go
38.9%
At Last I Am Free
36.1%
Maybe Tomorrow
36.1%
Take The Sun Away
36.1%
Short Line
36.1%
Stay
36.1%
Can't Stop Me Now
36.1%
Speaking of Happiness
33.3%
An Empty Station
33.3%
The Last Passenger
33.3%
Fill Your Eyes
30.6%
Double Love
30.6%
Make You Feel
30.6%
If I Gave You My Love
30.6%
B-Rock
30.6%
Summer's Thirst
30.6%
Waiting for Her
30.6%
Dark As The Sky
30.6%
Evening Sun
27.8%
Until Tomorrow
27.8%
Someday Is Everyday
27.8%
Lonesome Street
27.8%
Pop Quiz
25%
Quiz Playlist
Details
Report
Send in Message
Add To Playlist
Classic:
Type in answers that appear in a list
Quiz Source
Last Updated: Feb 16, 2017
Quiz Scoreboard
CHALLENGE
Sign Up to Join the Scoreboard
Show All
Scores
Hide
Comments
May contain spoilers
Recently Published
Image Sorting: Flags VI
by Barbecue
Geography
2m
Find the 'City' Movie
by crazypaving
Movies
60s
Colored Red Africa Blitz
by spor1
Geography
45s
More to Explore
Quiz From the Vault
Featured Blog Post
14 Easter Pick-up Lines to Find Eggs With
hide this ad
You Might Also Like...
Tags
Song Quiz
light
Pretty
Today's Top Quizzes in Music
Browse Music
hide this ad
Today's Top Quizzes in Song
Browse Song
Top Contributed Quizzes in Music
1
5X2 Blitz: Bands II
2
5X2 Blitz: The Beatles
3
Taylor Swift All Songs (2024)
4
5X2 Blitz: Billboard
5
5X2 Blitz: Billboard II
6
5X2 Blitz: Album
7
5X2 Blitz: Rock
8
5X2 Blitz: Singers
9
Music Artist by Three 2010s hits
10
5X2 Blitz: Lyrics
Explore More
Trending Topics
Crossword
Marvel
NBA
Kpop
Harry Potter
Disney
Anime
Song
The Office
Country
Puzzle
Soccer
WWE
NFL
Pokémon
hide this ad
More By:
gunduz
Quiz
Plays
Rating
Category
Featured
Created
Final Fantasy Rebellion
732
2.20
Gaming
Nov 18, 2009
The Prodigy songs
557
5.00
Music
Nov 12, 2009
Pretty Lights Songs
36
5.00
Music
Nov 12, 2009
Go to Creator's Profile
Score Distribution
Quiz Creator Spotlight
gunduz
Follow
Send a Message
Quizzes Created
-
Created Quiz Play Count
-
More By This Creator
Popular Quizzes Today
1
Colored Red Africa Blitz
2
Find the US States - No Outlines Minefield
3
Find the 'City' Movie
4
5x2 Blitz: Bands
5
The Countries of the World
6
Find the Countries of Europe - No Outlines Minefield
7
Find the US States
8
US States
More Music Quizzes
Band Member Click: Wham!
Quiz Lab
Trending Quizzes
Colored Red Europe Blitz I
Colored Red Europe Blitz II
Colored Red Africa Blitz II
Colored Red Europe Blitz III
Colored Red Africa Blitz III
Recently Updated
How Do You Spell That?
pecheneg
Godzilla Movies
pecheneg
Grab Bag: 4-10 Letters
pecheneg
2024 March Madness Bracket
pecheneg
Famous TV Couples
Peacemaker
Champions League XIs: Real Madrid
pecheneg
Largest US Cities 1790-2010
pecheneg
Rides in Walt Disney World
pecheneg
Most Oscar Losses (Acting)
pecheneg
Beyoncé Albums
pecheneg
Trending Topics
Disney
Kpop
Harry Potter
Marvel
Crossword
NBA
Anime
Song
The Office
WWE
Soccer
NFL
Pokémon
Country
Puzzle
Your Account Isn't Verified!
In order to create a playlist on Sporcle, you need to verify the email address you used during registration. Go to your
Sporcle Settings
to finish the process.
Report this User
Report this user for behavior that violates our
Community Guidelines
.
Details:
Send Report
Go to the Sporcle.com Mobile Site →
Comments